Polarity: (Record no. 213518)

MARC details
000 -LEADER
fixed length control field 00575nam a22001937a 4500
005 - DATE AND TIME OF LATEST TRANSACTION
control field 20250930113016.0
010 ## - LCCN (DPL NO)
LC control number ENG-146803
020 ## - INTERNATIONAL STANDARD BOOK NUMBER
International Standard Book Number 9789349746756
Terms of availability 300.00
035 ## - SYSTEM CONTROL NUMBER
System control number EN-130335
037 ## - SOURCE OF ACQUISITION
Source of stock number/acquisition DBAD
082 ## - DEWEY DECIMAL CLASSIFICATION NUMBER
Classification number 158.1
100 ## - MAIN ENTRY--PERSONAL NAME
Personal name Thukran, Anshul
245 ## - TITLE STATEMENT
Title Polarity:
Remainder of title the truth beyond equality/
Statement of responsibility, etc Anshul Thukran
260 ## - PUBLICATION, DISTRIBUTION, ETC. (IMPRINT)
Place of publication, distribution, etc Haryana
Name of publisher, distributor, etc Shresha Publishing House Pvt. Ltd.
Date of publication, distribution, etc 2025
270 ## - ADDRESS
Address 5/783, Ghisa Nagar Part II, Rewari,
City Haryana
300 ## - PHYSICAL DESCRIPTION
Extent 147p.
Dimensions 21cm(pbk)
500 ## - GENERAL NOTE
General note include indexing
942 ## - ADDED ENTRY ELEMENTS (KOHA)
Item type English Books
Classification part 158.1
Call number suffix THU
Holdings
Withdrawn status Lost status Not for loan Collection code Home library Current library Date acquired Source of acquisition Cost, normal purchase price Full call number Barcode Copy number Cost, replacement price Koha item type
      Non-fiction Janak Puri Janak Puri 30/09/2025 DBAD 300.00 158.1 THU EN-130335 1 300.00 English Books

© Delhi Public Library
Hit Counter
free hit counter